| 000 | 00607nam a2200193 i 4500 | ||
|---|---|---|---|
| 001 | 30770 | ||
| 003 | ES-MaACL | ||
| 005 | 20230906154242.0 | ||
| 007 | t| | ||
| 008 | 030127s1959 sp ||||1| spa d | ||
| 100 | 1 |
_aBayo, Marcial José. _926696 |
|
| 245 | 1 | 0 |
_aVirgilio y la pastoral española del Renacimiento (1480-1530) / _cMarcial José Bayo. |
| 260 |
_aMadrid : _bGredos, _c[1959] ( _fGráf. Condor) |
||
| 300 |
_a283 p. ; _c20 cm. |
||
| 490 | 1 | _aBiblioteca románica hispánica | |
| 830 | 0 |
_aBiblioteca románica hispánica _9180746 |
|
| 852 |
_aES-MaACL _jC-17050 _bR.45305 |
||
| 999 |
_c30770 _d30770 |
||